Catálogo

ADMINISTRACION DE ENFERMERIA : (Registro nro. 17768)

Detalles MARC
000 -LEADER
fixed length control field 00571nam a2200193 a 4500
001 - CONTROL NUMBER
control field 17768
005 - DATE AND TIME OF LATEST TRANSACTION
control field 20180713210937.0
008 - FIXED-LENGTH DATA ELEMENTS--GENERAL INFORMATION
fixed length control field 140415s1980 mx 000 0 spa d
020 ## - INTERNATIONAL STANDARD BOOK NUMBER
International Standard Book Number 927531022X
041 ## - LANGUAGE CODE
Language code of text/sound track or separate title spa
082 ## - DEWEY DECIMAL CLASSIFICATION NUMBER
Classification number 610.733
Item number ARN
100 1# - MAIN ENTRY--PERSONAL NAME
Personal name ARNDT, CLARA
245 10 - TITLE STATEMENT
Title ADMINISTRACION DE ENFERMERIA :
Remainder of title TEORIA PARA LA PRACTICA CON UN ENFOQUE DE SISTEMAS
250 ## - EDITION STATEMENT
Edition statement 2A ED.
260 ## - PUBLICATION, DISTRIBUTION, ETC.
Place of publication, distribution, etc. MEXICO :
Name of publisher, distributor, etc. THE MOSBY COMPANY,
Date of publication, distribution, etc. 1980
300 ## - PHYSICAL DESCRIPTION
Extent 375
650 14 - SUBJECT ADDED ENTRY--TOPICAL TERM
Topical term or geographic name entry element ENFERMERIA
General subdivision ADMINISTRACION
700 1# - ADDED ENTRY--PERSONAL NAME
Personal name HUCKABAY, LOUCINE M. DADERIAN
Relator term coaut.
Existencias
Withdrawn status Lost status Source of classification or shelving scheme Damaged status Not for loan Collection code Home library Current library Shelving location Date acquired Source of acquisition Inventory number Total Checkouts Full call number Barcode Date last seen Date last checked out Price effective from Koha item type
    Dewey Decimal Classification     General Biblioteca Karol Wojtyla Biblioteca Karol Wojtyla Sala general 03/12/2013 Compra 151000000000000000010530 2 610.733 ARN 36042 05/01/2026 10/10/2023 03/12/2013 Libro